Oriental Essays: (Record no. 531935)
[ view plain ]
| 000 -LEADER | |
|---|---|
| fixed length control field | 00372nam a22001457a 4500 |
| 003 - CONTROL NUMBER IDENTIFIER | |
| control field | NUST |
| 020 ## - INTERNATIONAL STANDARD BOOK NUMBER | |
| International Standard Book Number | 9789695190642 |
| Qualifying information | H/B. |
| 038 ## - RECORD CONTENT LICENSOR | |
| Staff Name | WASEEM |
| 082 ## - DEWEY DECIMAL CLASSIFICATION NUMBER | |
| Classification number | 920 |
| Author Mark | ARB |
| 100 ## - MAIN ENTRY--PERSONAL NAME | |
| Personal name | Arberry, A.J. |
| 9 (RLIN) | 25115 |
| 245 ## - TITLE STATEMENT | |
| Title | Oriental Essays: |
| Remainder of title | Portraits of Seven Scholars / |
| Statement of responsibility, etc. | A.J. Arberry |
| 260 ## - PUBLICATION, DISTRIBUTION, ETC. | |
| Place of publication, distribution, etc. | Lahore : |
| Name of publisher, distributor, etc. | Suhail Academy, |
| Date of publication, distribution, etc. | 2004. |
| 300 ## - PHYSICAL DESCRIPTION | |
| Extent | 261 p. ; |
| 942 ## - ADDED ENTRY ELEMENTS (KOHA) | |
| Source of classification or shelving scheme | |
| Koha item type | Book |
| Withdrawn status | Lost status | Source of classification or shelving scheme | Damaged status | Not for loan | Permanent Location | Current Location | Date acquired | Source of acquisition | Total Checkouts | Full call number | Barcode | Date last seen | Date last checked out | Price effective from | Koha item type |
|---|---|---|---|---|---|---|---|---|---|---|---|---|---|---|---|
| Central Library (CL) | Central Library (CL) | 11/04/2019 | Donation | 1 | 920 ARB | CL-D-766 | 11/13/2025 | 11/06/2025 | 11/04/2019 | Book |
